[Event "Sao Paulo-ch fin"]
[Site "Serra Negra"]
[Date "2002.??.??"]
[Round "?"]
[White "Milos, Gilberto"]
[Black "Limp, Eduardo"]
[Result "1-0"]
[WhiteElo "2574"]
[BlackElo "2389"]
[PlyCount "57"]
[EventDate "2002.05.30"]
[Source "ChessBase"]
[SourceDate "2002.07.08"]

1. e4 c5 2. Nf3 b6 3. d4 cxd4 4. Nxd4 Bb7 5. Nc3 Nf6 6. f3 Nc6 7. Be3 e6 8. Qd2 Nxd4 9. Bxd4 Rc8 10. O-O-O Be7 11. g4 O-O 12. g5 Nh5 13. Rg1 d5 14. f4 Bc5 15. Bxc5 Rxc5 16. Be2 g6 17. Bxh5 gxh5 18. exd5 Bxd5 19. f5 Qc7 20. Rde1 Rc8 21. g6 hxg6 22. fxg6 f5 23. Rg3 f4 24. Rd3 b5 25. Re2 f3 26. Rf2 Qg7 27. Nxd5 exd5 28. Rdxf3 Rxc2+ 29. Qxc2 1-0

[Event "FRA-chT"]
[Site "France"]
[Date "2002.05.01"]
[Round "8.1"]
[White "David, Alberto"]
[Black "Bricard, Emmanuel"]
[Result "0-1"]
[WhiteElo "2516"]
[BlackElo "2443"]
[PlyCount "66"]
[EventDate "2002.02.01"]
[Source "ChessBase"]
[SourceDate "2002.07.08"]

1. e4 c5 2. Nf3 b6 3. d4 cxd4 4. Nxd4 Bb7 5. Nc3 a6 6. Bg5 Qc7 7. Qg4 e6 8. O-O-O Nf6 9. Qh4 Be7 10. f4 d6 11. f5 e5 12. Nf3 Nbd7 13. Bd3 b5 14. a3 Rc8 15. g4 Qa5 16. Bxf6 Nxf6 17. g5 Rxc3 18. gxf6 Bxf6 19. Qe1 b4 20. Kb1 Rc8 21. axb4 Qc7 22. Rg1 a5 23. bxa5 O-O 24. c4 Rb8 25. Qc3 Bc6 26. Bc2 Rb7 27. Kc1 Rfb8 28. a6 Rb6 29. Qa3 Qa7 30. Rxd6 Rxa6 31. Qd3 Qf2 32. Kb1 Bxe4 33. Qxe4 Rxd6 0-1

[Event "It (open)"]
[Site "?"]
[Date "2005.04.20"]
[Round "5"]
[White "Bruned Yvalin"]
[Black "Bauer Christian"]
[Result "1/2-1/2"]
[WhiteElo "2316"]
[BlackElo "2640"]
[PlyCount "167"]
[EventDate "2005.??.??"]
[Source "www.chesslib.no"]
[SourceDate "2004.05.04"]

1. e4 c5 2. Nf3 b6 3. d4 cxd4 4. Nxd4 Bb7 5. Nc3 a6 6. Bd3 g6 7. f4 Bg7 8. Nf3 d6 9. O-O Nd7 10. Qe1 Rc8 11. Bd2 Nc5 12. f5 b5 13. a3 Nf6 14. Qh4 gxf5 15. exf5 Rg8 16. Rae1 Qd7 17. Bg5 Kf8 18. Re2 Rc7 19. Nd2 Qc6 20. Nde4 Ncd7 21. Nxf6 Bxf6 22. Ne4 Bxg5 23. Nxg5 Nf6 24. Rff2 h5 25. h3 Qc5 26. Kh2 Bd5 27. Qf4 a5 28. Ne4 Bxe4 29. Bxe4 b4 30. axb4 Qxb4 31. c3 Qc5 32. Bf3 Rg7 33. Qh6 Qxf5 34. Qh8+ Rg8 35. Qh6+ Rg7 36. Qh8+ Ng8 37. Qxh5 Qxh5 38. Bxh5 Nf6 39. Rf5 Nxh5 40. Rxh5 e5 41. Rh8+ Ke7 42. Ra8 Rc5 43. g4 Rg6 44. Ra7+ Ke6 45. Ra6 Rd5 46. c4 Rd3 47. c5 Rh6 48. Rxd6+ Rxd6 49. cxd6 Kxd6 50. Re4 Kd5 51. Ra4 Rb6 52. Rxa5+ Ke4 53. Ra7 f6 54. b4 Kf4 55. b5 Rxb5 56. Ra6 Rb2+ 57. Kg1 Kg5 58. h4+ Kxh4 59. Rxf6 Kxg4 60. Kf1 Rb4 61. Ke2 Re4+ 62. Kd3 Rf4 63. Re6 Kf5 64. Re8 Rf3+ 65. Ke2 Ra3 66. Rb8 Kf4 67. Rf8+ Ke4 68. Rb8 Ra2+ 69. Ke1 Kd4 70. Rb4+ Kd3 71. Rb3+ Kc4 72. Rh3 e4 73. Rg3 Kd4 74. Rh3 Rc2 75. Ra3 Rb2 76. Rh3 Rb4 77. Ke2 Rc4 78. Ra3 Rc2+ 79. Ke1 Rc3 80. Rxc3 Kxc3 81. Ke2 Kd4 82. Kd2 e3+ 83. Ke2 Ke4 84. Ke1 1/2-1/2

[Event "Sao Paulo-ch fin"]
[Site "Serra Negra"]
[Date "2002.??.??"]
[Round "?"]
[White "Leitao, Rafael"]
[Black "Limp, Eduardo"]
[Result "1-0"]
[WhiteElo "2558"]
[BlackElo "2389"]
[PlyCount "115"]
[EventDate "2002.05.30"]
[Source "ChessBase"]
[SourceDate "2002.07.08"]

1. e4 c5 2. Nf3 b6 3. d4 cxd4 4. Nxd4 Bb7 5. Nc3 Nf6 6. e5 Nd5 7. Nxd5 Bxd5 8. Be2 Nc6 9. O-O Nxd4 10. Qxd4 e6 11. c4 Bc6 12. Bd2 f5 13. exf6 Qxf6 14. Bh5+ Kd8 15. Qe3 Qxb2 16. Bc3 Qa3 17. Rad1 Kc7 18. Bf3 Qc5 19. Qf4+ Kc8 20. Rfe1 Rb8 21. Qf7 Qe7 22. Qxe7 Bxe7 23. Bxc6 dxc6 24. Rxe6 Rd8 25. Rde1 Bf8 26. Be5 Rb7 27. Rxc6+ Kd7 28. Rd1+ Kxc6 29. Rxd8 Bc5 30. Kf1 g6 31. f4 Re7 32. Ke2 g5 33. g3 a6 34. Kf3 gxf4 35. gxf4 b5 36. Rc8+ Kb6 37. Rb8+ Kc6 38. cxb5+ axb5 39. Ke4 Rd7 40. f5 Rd2 41. Rc8+ Kb6 42. f6 Rxa2 43. Rxc5 Kxc5 44. f7 Ra8 45. Bg7 Kd6 46. f8=Q+ Rxf8 47. Bxf8+ Ke6 48. Bb4 Kf6 49. Kf4 Kg6 50. Kg4 Kh6 51. h4 Kg6 52. h5+ Kf6 53. Kf4 Kf7 54. Kg5 Kg7 55. Bc3+ Kf7 56. Kh6 Kg8 57. Bb2 b4 58. Bd4 1-0

[Event "CZE-chT9900"]
[Site "CZE"]
[Date "2000.??.??"]
[Round "9"]
[White "Cicak, Slavko"]
[Black "Rasik, Vitezslav"]
[Result "1-0"]
[WhiteElo "2505"]
[BlackElo "2440"]
[PlyCount "73"]
[EventDate "1999.??.??"]
[Source "www.chesslib.no"]
[SourceDate "2004.05.04"]

1. e4 c5 2. Nf3 b6 3. Bc4 Bb7 4. d3 e6 5. O-O Nc6 6. c3 Nf6 7. Bb3 Be7 8. Re1 O-O 9. Nbd2 Rc8 10. Nf1 Qc7 11. Ng3 Ba6 12. Bc2 d6 13. h3 Rfd8 14. Qe2 b5 15. a3 Bb7 16. Bd2 a5 17. d4 cxd4 18. cxd4 b4 19. Bd3 d5 20. e5 Ne4 21. Nxe4 dxe4 22. Qxe4 g6 23. Qg4 bxa3 24. bxa3 Qd7 25. Be3 a4 26. h4 h5 27. Qg3 Bf8 28. Bb5 Ra8 29. Nd2 Ra5 30. Ne4 Bg7 31. Nd6 Rxb5 32. Nxb5 Nxe5 33. Bg5 Qxb5 34. Bxd8 Nc6 35. Rab1 Qa6 36. Bb6 Ba8 37. d5 1-0

[Event "Ch Belgium (team) 2006/07"]
[Site "Belgium"]
[Date "2007.12.08"]
[Round "7"]
[White "Dgebuadze Alexandre (BEL)"]
[Black "Eliet Nicolas (FRA)"]
[Result "1-0"]
[WhiteElo "2504"]
[BlackElo "2440"]
[PlyCount "97"]
[EventDate "2007.??.??"]
[Source "www.chesslib.no"]
[SourceDate "2004.05.04"]

1. e4 c5 2. Nf3 b6 3. d4 cxd4 4. Nxd4 Bb7 5. Nc3 a6 6. Be3 e6 7. Qd2 Qc7 8. f3 Nf6 9. g4 h6 10. O-O-O Bb4 11. h4 d5 12. e5 Nfd7 13. f4 Bxc3 14. Qxc3 Qxc3 15. bxc3 Nc5 16. Bg2 Nbd7 17. h5 Rc8 18. Rh3 Ne4 19. Bxe4 dxe4 20. Ne2 Bd5 21. a3 Nc5 22. f5 Na4 23. Bd4 Kd7 24. Nf4 Kc6 25. Nxd5 exd5 26. c4 Rhd8 27. e6 fxe6 28. Bxg7 exf5 29. gxf5 dxc4 30. Rxd8 Rxd8 31. f6 Nc5 32. Bxh6 Ne6 33. Be3 Rh8 34. h6 b5 35. Kb2 Kd6 36. Rg3 Ke5 37. f7 Nd8 38. Rg7 Ke6 39. Rg8 Nxf7 40. Rxh8 Nxh8 41. Bd4 Nf7 42. h7 Kf5 43. Kc1 e3 44. h8=Q Nxh8 45. Bxh8 Ke4 46. Kd1 Kf3 47. Ke1 e2 48. Bc3 Ke3 49. Ba5 1-0

[Event "TCh-CZE Extraliga 2003-4"]
[Site "?"]
[Date "2004.04.04"]
[Round "11"]
[White "Heberla Bartlomiej"]
[Black "Cicak Slavko"]
[Result "1/2-1/2"]
[WhiteElo "2412"]
[BlackElo "2528"]
[PlyCount "21"]
[EventDate "2004.??.??"]
[Source "www.chesslib.no"]
[SourceDate "2004.05.04"]

1. e4 c5 2. Nf3 b6 3. d3 Bb7 4. g3 g6 5. Bg2 Bg7 6. O-O Nf6 7. e5 Nd5 8. Ng5 Bc6 9. f4 O-O 10. d4 cxd4 11. Qxd4 1/2-1/2

[Event "Mario Covas 4th"]
[Site "Santos"]
[Date "2004.08.02"]
[Round "3"]
[White "Matsuura, Everaldo"]
[Black "Limp, Eduardo"]
[Result "0-1"]
[WhiteElo "2490"]
[BlackElo "2441"]
[PlyCount "100"]
[EventDate "2004.07.31"]
[SourceDate "2004.08.11"]

1. e4 c5 2. Nf3 b6 3. d4 cxd4 4. Nxd4 Bb7 5. Nc3 Nf6 6. Bd3 Nc6 7. Be3 e6 8. O-O Bc5 9. Nxc6 Bxc6 10. Bxc5 bxc5 11. e5 Nd5 12. Ne4 O-O 13. Qh5 h6 14. Rfe1 Nf4 15. Qf3 Nxd3 16. Qxd3 Qb8 17. Qc3 Qb4 18. Qxb4 cxb4 19. a3 Rab8 20. b3 a5 21. a4 Bxe4 22. Rxe4 Rfc8 23. Re2 Kf8 24. Rd1 Ke7 25. Kf1 Rc3 26. Ke1 Rbc8 27. Rdd2 R8c5 28. Kd1 f6 29. exf6+ gxf6 30. Re3 Rh5 31. h3 Rxe3 32. fxe3 Rg5 33. Rf2 h5 34. Kd2 Rd5+ 35. Ke2 Rg5 36. Kd3 Rg3 37. Re2 Kd6 38. Ke4 h4 39. Rd2+ Ke7 40. Re2 d5+ 41. Kd3 Kd6 42. Rf2 f5 43. Ke2 Ke5 44. Kd2 Kf6 45. Re2 e5 46. Rf2 e4 47. Ke2 Ke5 48. Kd2 Kf6 49. Ke2 Ke6 50. Kd2 d4 0-1

[Event "TCh-CZE 2002-3"]
[Site "Czech Rep"]
[Date "2003.04.12"]
[Round "10"]
[White "Pribyl, Josef"]
[Black "Cicak, Slavko"]
[Result "0-1"]
[WhiteElo "2403"]
[BlackElo "2526"]
[PlyCount "96"]
[EventDate "2003.01.01"]
[Source "Roberto Alvarez"]
[SourceDate "2003.04.28"]

1. e4 c5 2. Nf3 b6 3. d4 cxd4 4. Nxd4 Bb7 5. Nc3 a6 6. Be3 e6 7. Bd3 Qc7 8. O-O Nf6 9. f4 d6 10. Qe2 Be7 11. h3 g6 12. Qf2 Nbd7 13. Rae1 e5 14. Nb3 h6 15. fxe5 dxe5 16. Nd5 Bxd5 17. exd5 Kf8 18. c4 Kg7 19. Nd2 Raf8 20. a3 a5 21. Re2 Qd8 22. Qg3 Rh7 23. Ref2 Kg8 24. Qf3 Nh5 25. g4 Nf4 26. Bxf4 exf4 27. Re2 Bc5+ 28. Kg2 Be3 29. Bc2 h5 30. Rxe3 fxe3 31. Qxe3 hxg4 32. hxg4 Re8 33. Qg3 Re2+ 34. Rf2 Qe7 35. Nf3 Qe3 36. Bd1 Rxf2+ 37. Qxf2 Qf4 38. Qd4 Rh2+ 39. Kf1 Qxd4 40. Nxd4 Rd2 41. Ba4 Rxd4 42. Bxd7 Rxc4 43. Ke2 Rd4 44. Bc6 Rxg4 45. Ke3 Kf8 46. d6 Rg3+ 47. Kd4 Rb3 48. a4 Rxb2 0-1

[Event "GP CG de l'Heralt"]
[Site "Montpellier"]
[Date "2004.07.11"]
[Round "7"]
[White "Philippe, Christophe"]
[Black "Bauer, Christian"]
[Result "0-1"]
[WhiteElo "2335"]
[BlackElo "2590"]
[PlyCount "76"]
[EventDate "2004.07.05"]
[Source "Roberto Alvarez"]
[SourceDate "2004.07.12"]

1. e4 c5 2. Nf3 b6 3. d4 cxd4 4. Nxd4 Bb7 5. Nc3 a6 6. Bd3 g6 7. O-O Bg7 8. Be3 d6 9. f4 Nd7 10. Qe2 Ngf6 11. Kh1 O-O 12. Rae1 b5 13. a3 Rc8 14. Bd2 Nb6 15. f5 Nc4 16. Bc1 Nxa3 17. bxa3 Rxc3 18. Bb2 Rc8 19. Rf3 Qd7 20. Rh3 e5 21. Nf3 Nh5 22. Rxh5 gxh5 23. Ng5 h6 24. Nh3 d5 25. Qxh5 dxe4 26. f6 Bxf6 27. Re3 Bg7 28. Rg3 f6 29. Nf2 f5 30. Bxe5 Rf7 31. Be2 Rxc2 32. Nh3 f4 33. Rg6 f3 34. Bf1 Rc1 35. Kg1 fxg2 36. Kxg2 e3+ 37. Kg3 Rcxf1 38. Qxh6 R1f3+ 0-1

[Event "St.Petersburg"]
[Site "?"]
[Date "1994.??.??"]
[Round "7"]
[White "Svidler, P."]
[Black "Zhelnin, V."]
[Result "1-0"]
[WhiteElo "2505"]
[BlackElo "2420"]
[PlyCount "49"]
[EventDate "1994.??.??"]
[Source "www.chesslib.no"]
[SourceDate "2004.05.04"]

1. e4 c5 2. Nf3 b6 3. Nc3 b5 4. d4 cxd4 5. Nxd4 Bb7 6. Bd3 e6 7. Qe2 Ne7 8. e5 Bxg2 9. Rg1 Bb7 10. Bg5 Qb6 11. Be3 Nd5 12. Nxd5 Bxd5 13. Nf5 Qc7 14. Nd6+ Bxd6 15. exd6 Qxd6 16. O-O-O Nc6 17. Rxg7 Qxh2 18. Rg5 Nb4 19. Qg4 Nxd3+ 20. Rxd3 Qh1+ 21. Kd2 Qe4 22. Qg3 f5 23. Qd6 Rc8 24. Rg7 Qh4 25. Qxd7+ 1-0

[Event "CZE-chT Extra 1999/2000"]
[Site "CZE"]
[Date "2000.??.??"]
[Round "7"]
[White "Zezulkin, Jurij"]
[Black "Rasik, Vitezslav"]
[Result "1-0"]
[WhiteElo "2478"]
[BlackElo "2442"]
[PlyCount "61"]
[EventDate "2000.03.19"]
[Source "www.chesslib.no"]
[SourceDate "2004.05.04"]

1. e4 c5 2. Nf3 b6 3. Nc3 Ba6 4. Bxa6 Nxa6 5. O-O g6 6. d4 Bg7 7. d5 d6 8. Re1 Nh6 9. e5 O-O 10. Bf4 Nc7 11. Qd2 Nf5 12. Rad1 Qd7 13. Ne4 Rad8 14. c4 b5 15. b3 bxc4 16. bxc4 Na8 17. h3 Nb6 18. Qd3 Qc7 19. exd6 exd6 20. g4 Nd4 21. Nxd4 cxd4 22. Rc1 f5 23. Ng5 fxg4 24. Ne6 Qd7 25. hxg4 Na4 26. Qg3 Nc5 27. Nxd8 Rxd8 28. Bg5 Rf8 29. Re7 Qa4 30. Qxd6 Qxa2 31. Rxg7+ 1-0

[Event "ch-AUT"]
[Site "Hartberg"]
[Date "2003.07.29"]
[Round "3"]
[White "Wittmann, Walter"]
[Black "Stanec, Nikolaus"]
[Result "1/2-1/2"]
[WhiteElo "2359"]
[BlackElo "2560"]
[PlyCount "161"]
[EventDate "2003.07.29"]
[Source "Roberto Alvarez"]
[SourceDate "2003.08.11"]

1. e4 c5 2. Nf3 b6 3. d4 cxd4 4. Nxd4 Bb7 5. Nc3 a6 6. Be3 e6 7. Bd3 d6 8. f4 Nd7 9. a4 Ngf6 10. Qf3 Rc8 11. Bd2 g6 12. Nb3 Bg7 13. Qe2 Ra8 14. O-O O-O 15. Kh1 Re8 16. Rae1 Qc7 17. Be3 Nc5 18. Bd4 Nxd3 19. cxd3 e5 20. fxe5 dxe5 21. Be3 Rad8 22. Ra1 Rd6 23. a5 b5 24. Nc5 Nd7 25. Nxb7 Qxb7 26. Nd5 Nf6 27. Nb4 Rde6 28. Bg5 Bf8 29. Rxf6 Rxf6 30. Bxf6 Bxb4 31. Qf3 Qd7 32. Bg5 Qe6 33. h3 Kg7 34. Qe3 Be7 35. Bxe7 Rxe7 36. Qb6 Qc8 37. Rf1 Re6 38. Qa7 Qe8 39. Rc1 Rd6 40. Rc3 Qe6 41. Qb8 Qf6 42. Kg1 Rd4 43. Qb6 Qf4 44. Qxa6 Ra4 45. Ra3 Rb4 46. Ra1 Rxb2 47. Rf1 Qe3+ 48. Kh2 Qg5 49. Rg1 b4 50. Qb7 Qf6 51. a6 Ra2 52. a7 Qa6 53. Qxa6 Rxa6 54. Rb1 Rxa7 55. Rxb4 Ra3 56. Rb5 Kf6 57. Rd5 Ke6 58. d4 exd4 59. Rxd4 f6 60. h4 h5 61. Rb4 Ke5 62. g3 Ra2+ 63. Kh3 Re2 64. Ra4 Rd2 65. Rb4 Rd4 66. Rb6 Rxe4 67. Rb5+ Ke6 68. Kg2 Rd4 69. Kf3 Rd3+ 70. Kf4 Rd4+ 71. Kf3 Rd5 72. Rb3 Ke5 73. Ra3 Rc5 74. Rb3 Kd4 75. Rb4+ Ke5 76. Rb3 Kf5 77. Ra3 g5 78. hxg5 Kxg5 79. Rb3 Rc1 80. Rb5+ f5 81. Rb8 1/2-1/2

[Event "Camp. austriaco"]
[Site "Tweng AUT"]
[Date "2007.08.12"]
[Round "9"]
[White "Kuba, G."]
[Black "Balinov, I."]
[Result "1/2-1/2"]
[WhiteElo "2413"]
[BlackElo "2499"]
[PlyCount "65"]
[EventDate "2007.08.04"]
[Source "www.chesslib.no"]
[SourceDate "2004.05.04"]

1. e4 c5 2. Nf3 b6 3. d4 cxd4 4. Nxd4 Bb7 5. Nc3 a6 6. Bd3 g6 7. Be3 Bg7 8. Qd2 Nc6 9. Nxc6 dxc6 10. O-O-O Qc7 11. f4 Rd8 12. e5 Nh6 13. e6 fxe6 14. h4 c5 15. Qe2 Nf5 16. h5 c4 17. Bxf5 Rxd1+ 18. Rxd1 exf5 19. Na4 b5 20. Nc5 Bc8 21. Qf3 Kf7 22. Qd5+ e6 23. hxg6+ hxg6 24. Qa8 Re8 25. Nxa6 Qa5 26. Bc5 Qxa2 27. c3 Qa1+ 28. Kc2 Qa4+ 29. Kc1 Kg8 30. Qc6 Qa1+ 31. Kc2 Qa4+ 32. Kc1 Qa1+ 33. Kc2 1/2-1/2

[Event "Budapest FS04 GM"]
[Site "Budapest"]
[Date "1998.04.12"]
[Round "9"]
[White "Acs, Peter"]
[Black "Csom, Istvan"]
[Result "1/2-1/2"]
[WhiteElo "2450"]
[BlackElo "2460"]
[PlyCount "149"]
[EventDate "1998.04.04"]
[Source "ChessBase"]
[SourceDate "1998.04.29"]

1. e4 c5 2. Nf3 b6 3. d4 cxd4 4. Nxd4 Bb7 5. Nc3 a6 6. Be2 e6 7. O-O d6 8. f4 Nd7 9. Bf3 Qc7 10. Kh1 Ngf6 11. Qe2 e5 12. Nd5 Nxd5 13. exd5 g6 14. Nc6 Bg7 15. Be4 O-O 16. f5 Nf6 17. c4 Bxc6 18. dxc6 Nxe4 19. Qxe4 Rfc8 20. f6 Bf8 21. b3 Qxc6 22. Qh4 b5 23. Bh6 Qe8 24. Rad1 bxc4 25. bxc4 Rc6 26. Rd3 Rac8 27. Bxf8 Qxf8 28. Rc1 Rc5 29. Qe4 Qd8 30. Rcd1 Rxc4 31. Qxe5 Rc1 32. Qf4 Rxd1+ 33. Rxd1 d5 34. h3 Rc6 35. Rxd5 Qxf6 36. Qxf6 Rxf6 37. Rd8+ Kg7 38. Ra8 g5 39. a4 h5 40. g3 Rd6 41. Kg2 Kf6 42. a5 Kf5 43. Kf2 Re6 44. Rh8 Re5 45. Rxh5 Rxa5 46. Rh7 Ra2+ 47. Kf3 Ra3+ 48. Kf2 Ke6 49. Rg7 Kf6 50. Rg8 Rb3 51. h4 Rb5 52. h5 g4 53. h6 Rh5 54. Ra8 Rxh6 55. Rxa6+ Kg5 56. Ra5+ f5 57. Kg2 Rb6 58. Ra2 Kf6 59. Re2 Rb4 60. Kf2 Ra4 61. Kg2 Re4 62. Ra2 Re3 63. Ra6+ Re6 64. Ra2 Rb6 65. Re2 Ra6 66. Kf2 Ra5 67. Kg2 Re5 68. Ra2 Ke6 69. Ra6+ Kd5 70. Ra5+ Kd4 71. Ra4+ Kc3 72. Rf4 Kd3 73. Kf2 Rc5 74. Kg2 Ke3 75. Kg1 1/2-1/2

[Event "olw"]
[Site "Moscow olw"]
[Date "1994.??.??"]
[Round "3"]
[White "Madl, Ildiko"]
[Black "Arakhamia-Grant, Ketevan"]
[Result "1/2-1/2"]
[WhiteElo "2420"]
[BlackElo "2485"]
[PlyCount "57"]
[EventDate "1994.??.??"]
[Source "www.chesslib.no"]
[SourceDate "2004.05.04"]

1. e4 c5 2. Nf3 b6 3. d4 cxd4 4. Nxd4 Bb7 5. Nc3 a6 6. Bd3 d6 7. O-O Nd7 8. f4 g6 9. Nf3 Bg7 10. Qe1 Nc5 11. Bd2 Nf6 12. a4 O-O 13. b4 Nxd3 14. cxd3 Rc8 15. Rc1 Nd7 16. Qg3 a5 17. bxa5 bxa5 18. d4 Nf6 19. Qe1 Rc4 20. Nb5 Nd5 21. Rb1 Rxa4 22. Rb4 Ra3 23. Nxd6 Nf6 24. Ra4 Ba6 25. Qh4 e5 26. Rc4 Rb3 27. Be1 Bb5 28. Nxb5 Rxf3 29. Bd2 1/2-1/2

[Event "JUG-ch"]
[Site "Zagreb"]
[Date "1977.??.??"]
[Round "6"]
[White "Minic, Dragoljub"]
[Black "Nicevski, Risto"]
[Result "1-0"]
[WhiteElo "2470"]
[BlackElo "2435"]
[PlyCount "145"]
[EventDate "1977.02.??"]
[Source "ChessBase"]

1. e4 c5 2. Nf3 b6 3. d4 cxd4 4. Nxd4 Bb7 5. Nc3 Nc6 6. Be3 e6 7. Be2 Nf6 8. O-O Nxd4 9. Qxd4 Bc5 10. Qd3 Bxe3 11. Qxe3 e5 12. Nb5 O-O 13. Nd6 Qc7 14. Rad1 Ne8 15. Nxb7 Qxb7 16. Bc4 Rc8 17. Bb3 Nf6 18. f3 b5 19. c3 a5 20. a3 Rc6 21. Rf2 Qb6 22. Qxb6 Rxb6 23. Rfd2 g5 24. Kf2 Rc8 25. Ke3 Kf8 26. g3 Ke7 27. f4 gxf4+ 28. gxf4 exf4+ 29. Kxf4 d6 30. Rg1 Rc5 31. Ke3 Rb7 32. Rf2 Rh5 33. Rg7 Kf8 34. Rg3 Rh6 35. Kd3 Re7 36. Rgf3 Kg7 37. Rf4 Re5 38. Bd1 d5 39. exd5 Rxd5+ 40. Kc2 Rg6 41. Be2 Rdg5 42. Bd3 Rh6 43. Be2 Rd5 44. h4 Re5 45. h5 Re7 46. Rf5 Rb7 47. Rg5+ Kf8 48. Rff5 Re7 49. Re5 Ne4 50. Rxe7 Nxg5 51. Rb7 Re6 52. Bxb5 f5 53. Bd3 Re5 54. a4 f4 55. Rb5 Rxb5 56. axb5 Ke7 57. Kb3 f3 58. Ka4 Kd6 59. Kxa5 Kc7 60. Ka6 Kb8 61. c4 Ne6 62. b4 Nf4 63. Bf1 Nxh5 64. c5 Nf6 65. b6 Nd5 66. c6 Nxb4+ 67. Kb5 Nd5 68. Kc5 Ne7 69. Ba6 Nxc6 70. Kxc6 h5 71. Bf1 h4 72. Bh3 f2 73. b7 1-0

[Event "Budapest FS10 GM"]
[Site "Budapest"]
[Date "1998.10.09"]
[Round "7"]
[White "Fogarasi, Tibor"]
[Black "Csom, Istvan"]
[Result "1/2-1/2"]
[WhiteElo "2425"]
[BlackElo "2475"]
[PlyCount "31"]
[EventDate "1998.10.03"]
[Source "www.chesslib.no"]
[SourceDate "2004.05.04"]

1. e4 c5 2. Nf3 b6 3. d4 cxd4 4. Nxd4 Bb7 5. Nc3 a6 6. Bd3 e6 7. O-O d6 8. f4 Nd7 9. f5 e5 10. Ne6 Qc8 11. Nxf8 Kxf8 12. Nd5 Bxd5 13. exd5 Qc5+ 14. Kh1 Ngf6 15. c4 h6 16. Bd2 1/2-1/2

[Event "Andorra op 18th"]
[Site "Andorra"]
[Date "2000.06.28"]
[Round "5"]
[White "Westerinen, Heikki MJ"]
[Black "Cicak, Slavko"]
[Result "0-1"]
[WhiteElo "2392"]
[BlackElo "2506"]
[PlyCount "70"]
[EventDate "2000.06.24"]
[Source "ChessBase"]
[SourceDate "2000.07.11"]

1. e4 c5 2. Nf3 b6 3. d4 cxd4 4. Nxd4 Bb7 5. Nc3 a6 6. Bc4 e6 7. O-O Qc7 8. Bb3 Nf6 9. Re1 Bd6 10. Nf3 Nc6 11. Bg5 Ne5 12. Bxf6 Nxf3+ 13. Qxf3 gxf6 14. g3 Be5 15. Re3 h5 16. Rd1 f5 17. Qe2 f4 18. Red3 Rd8 19. gxf4 Bxf4 20. Nd5 Bxh2+ 21. Kf1 Qe5 22. Re3 Qg7 23. Qc4 Qg1+ 24. Ke2 Qg4+ 25. f3 Qg2+ 26. Kd3 exd5 27. exd5+ Kf8 28. Qh4 Kg7 29. Rd2 Qg6+ 30. Re4 Bg3 31. Qh3 d6 32. Rg2 h4 33. Kd2 Bc8 34. Qh1 Bf5 35. Ree2 Rde8 0-1

[Event "14 Open A"]
[Site "Wien"]
[Date "2003.08.19"]
[Round "4"]
[White "Dueckstein, Andreas"]
[Black "Stanec, Nikolaus"]
[Result "0-1"]
[WhiteElo "2334"]
[BlackElo "2560"]
[PlyCount "78"]
[EventDate "2003.08.16"]
[Source "Roberto Alvarez"]
[SourceDate "2003.09.01"]

1. e4 c5 2. Nf3 b6 3. Bc4 Bb7 4. Nc3 e6 5. Qe2 a6 6. a4 d6 7. d4 Be7 8. dxc5 bxc5 9. Bf4 Qb6 10. O-O Nc6 11. Rfd1 Rd8 12. Qe1 Nd4 13. a5 Nxf3+ 14. gxf3 Qc6 15. Ra3 Nf6 16. Rb3 Qc8 17. Bf1 O-O 18. Na4 Rfe8 19. c4 Nh5 20. Be3 Bc6 21. Nb6 Qc7 22. Rbd3 Rf8 23. Bd2 Bf6 24. b4 Bd4 25. Be3 e5 26. Rb3 f5 27. b5 Bb7 28. bxa6 Bxa6 29. Nd5 Qf7 30. exf5 Bb7 31. Bxd4 cxd4 32. Bd3 Bxd5 33. cxd5 Qxd5 34. Rdb1 Nf4 35. Be4 Qf7 36. Rb7 Qh5 37. Kh1 d5 38. Qg1 g6 39. fxg6 hxg6 0-1

[Event "EU-ch 2nd (Women)"]
[Site "Warsaw"]
[Date "2001.04.30"]
[Round "8"]
[White "Mkrtchian, Lilit"]
[Black "Galliamova, Alisa"]
[Result "1-0"]
[WhiteElo "2339"]
[BlackElo "2554"]
[PlyCount "75"]
[EventDate "2001.04.22"]
[Source "ChessBase"]
[SourceDate "2001.07.03"]

1. e4 c5 2. Nf3 b6 3. d4 cxd4 4. Nxd4 Bb7 5. Nc3 a6 6. f3 e6 7. Be3 d6 8. Qd2 Nf6 9. O-O-O Nbd7 10. g4 h6 11. h4 Qc7 12. Bh3 Ne5 13. g5 Nh5 14. Qf2 g6 15. f4 Nc4 16. f5 Nxe3 17. Qxe3 gxf5 18. exf5 e5 19. g6 Nf4 20. Rhe1 h5 21. Kb1 Bh6 22. g7 Bxg7 23. Qxf4 Kf8 24. Ne6+ fxe6 25. Qf2 exf5 26. Qxf5+ Qf7 27. Qd3 Rh6 28. Rf1 Rf6 29. Rxf6 Bxf6 30. Qxd6+ Kg7 31. Be6 Qe7 32. Qxb6 Bf3 33. Rd7 Qxd7 34. Bxd7 e4 35. Nd5 Bxh4 36. Bf5 Rg8 37. Qa7+ Kf8 38. Be6 1-0

[Event "St Petersburg op"]
[Site "St Petersburg"]
[Date "1995.??.??"]
[Round "2"]
[White "Ulibin, Mikhail"]
[Black "Alexandria, Nana"]
[Result "1/2-1/2"]
[WhiteElo "2540"]
[BlackElo "2350"]
[PlyCount "33"]
[EventDate "1995.05.??"]
[Source "ChessBase"]

1. e4 c5 2. Nf3 b6 3. d4 cxd4 4. Nxd4 Bb7 5. Bd3 a6 6. c4 d6 7. O-O Nd7 8. Qe2 e6 9. b3 Be7 10. Bb2 Bf6 11. f4 Ne7 12. f5 exf5 13. Nxf5 Nxf5 14. exf5+ Qe7 15. Qxe7+ Kxe7 16. Bxf6+ Nxf6 17. Nc3 1/2-1/2

[Event "12th Donau Open"]
[Site "Aschach"]
[Date "2003.12.27"]
[Round "2"]
[White "Meszaros, Andras"]
[Black "Stanec, Nikolaus"]
[Result "0-1"]
[WhiteElo "2325"]
[BlackElo "2557"]
[PlyCount "60"]
[EventDate "2003.12.26"]
[Source "Roberto Alvarez"]
[SourceDate "2004.01.05"]

1. e4 c5 2. Nf3 b6 3. d4 cxd4 4. Nxd4 Bb7 5. Nc3 a6 6. Bg5 Qc7 7. Qd2 e6 8. Bd3 Nf6 9. f4 Bb4 10. Bxf6 gxf6 11. Nde2 Nc6 12. Rf1 Be7 13. O-O-O O-O-O 14. Qe3 Kb8 15. Kb1 Na5 16. Qh3 h5 17. Qh4 Rdg8 18. g3 b5 19. Nc1 Ka8 20. f5 Nc6 21. fxe6 fxe6 22. Be2 Ne5 23. Qf4 b4 24. Na4 Bc6 25. b3 Bxa4 26. bxa4 Rc8 27. Qd2 Qa5 28. Rf3 Qxa4 29. Nb3 Rc7 30. Qd4 Rxc2 0-1

[Event "AUT-chT 2003-4"]
[Site "Graz"]
[Date "2003.11.28"]
[Round "1"]
[White "Neulinger, Manfred"]
[Black "Stanec, Nikolaus"]
[Result "0-1"]
[WhiteElo "2323"]
[BlackElo "2557"]
[PlyCount "132"]
[EventDate "2003.11.01"]
[Source "Roberto Alvarez"]
[SourceDate "2003.12.01"]

1. e4 c5 2. Nf3 b6 3. Nc3 Bb7 4. d4 cxd4 5. Nxd4 a6 6. g3 d6 7. Bg2 Nd7 8. O-O e6 9. b3 Rc8 10. Bb2 Be7 11. Qe2 Rc7 12. Rad1 Qc8 13. Nd5 exd5 14. exd5 Ndf6 15. Nc6 Kf8 16. c4 h5 17. Qe3 Bxc6 18. dxc6 Rxc6 19. Bxc6 Qxc6 20. Rfe1 h4 21. Bxf6 gxf6 22. g4 Rh6 23. h3 Rg6 24. Rd5 Rg5 25. Qd2 Re5 26. f4 Rxe1+ 27. Qxe1 b5 28. Qe2 Bd8 29. Rh5 bxc4 30. bxc4 Qb6+ 31. Kg2 Qd4 32. Rxh4 Qxf4 33. Rh5 Bb6 34. Rf5 Qd4 35. Rf1 Ne7 36. g5 fxg5 37. Qe6 Qg1+ 38. Rxg1 fxe6 39. Rb1 Nc8 40. Kf3 Kf7 41. Kg4 Kg6 42. Re1 e5 43. Rf1 Be3 44. Rf3 Bf4 45. Ra3 Kf6 46. Rxa6 Ke7 47. Kf5 Kd7 48. Ke4 Kc7 49. c5 dxc5 50. Kd5 Be3 51. Kxe5 Nb6 52. Ke4 Bc1 53. Ra7+ Kc6 54. Rh7 Kb5 55. h4 gxh4 56. Rxh4 c4 57. Rh1 Bb2 58. Rh7 Na4 59. Rb7+ Kc6 60. Rh7 Nc5+ 61. Ke3 c3 62. Rh2 Kb5 63. Rh1 Na6 64. Ke2 Nb4 65. Rh5+ Ka4 66. Rh8 c2 0-1

[Event "GER-ch"]
[Site "Gladenbach"]
[Date "1997.11.20"]
[Round "4"]
[White "Holzhaeuer, Mathias"]
[Black "Teske, Henrik"]
[Result "1/2-1/2"]
[WhiteElo "2355"]
[BlackElo "2515"]
[PlyCount "103"]
[EventDate "1997.11.17"]
[Source "ChessBase"]
[SourceDate "1998.03.09"]

1. e4 c5 2. Nf3 b6 3. Bc4 Bb7 4. c3 e6 5. Qe2 Ne7 6. d4 cxd4 7. cxd4 d5 8. Bb5+ Nbc6 9. e5 a6 10. Ba4 Nf5 11. Be3 Be7 12. Nc3 O-O 13. Bc2 Qd7 14. O-O a5 15. Bxf5 exf5 16. Rfe1 Ba6 17. Qd2 h6 18. h4 Rac8 19. a3 Rc7 20. Ne2 Bxe2 21. Qxe2 Rfc8 22. Bf4 Qe6 23. Rac1 Nd8 24. Qd2 Rc4 25. Rxc4 Rxc4 26. Rc1 Qc6 27. b3 Rxc1+ 28. Qxc1 Qb5 29. Qc8 Qxb3 30. e6 fxe6 31. Bc7 Qc2 32. Qd7 Nc6 33. Qxe6+ Kh7 34. h5 Bxa3 35. Qg6+ Kg8 36. Qe8+ Bf8 37. Bd6 Ne7 38. Bxe7 Qc1+ 39. Kh2 Qc7+ 40. Ne5 Qxe7 41. Qg6 a4 42. g3 a3 43. Qxb6 f4 44. g4 Qh4+ 45. Kg1 Qf6 46. Qb8 f3 47. Qa8 Qe6 48. Kh2 Qd6 49. Kh3 Kh7 50. Ng6 Kg8 51. Ne5 Kh7 52. Ng6 1/2-1/2